<?xml version="1.0" encoding="UTF-8"?>
<record
    xmlns:xsi="http://www.w3.org/2001/XMLSchema-instance"
    xsi:schemaLocation="http://www.loc.gov/MARC21/slim http://www.loc.gov/standards/marcxml/schema/MARC21slim.xsd"
    xmlns="http://www.loc.gov/MARC21/slim">

  <leader>01007nab a22002417a 4500</leader>
  <controlfield tag="003">OSt</controlfield>
  <controlfield tag="005">20250429033957.0</controlfield>
  <controlfield tag="008">250414t2025   |||ddrnnoo|||i00| 00eng dd</controlfield>
  <datafield tag="040" ind1=" " ind2=" ">
    <subfield code="c">JMCFI - Learning Resource Center</subfield>
  </datafield>
  <datafield tag="100" ind1=" " ind2=" ">
    <subfield code="a">Borenstein, Seth</subfield>
    <subfield code="9">29642</subfield>
  </datafield>
  <datafield tag="245" ind1=" " ind2=" ">
    <subfield code="a">Why Greenland? Remote but resource-rich island occupies a key position in a warming world /</subfield>
    <subfield code="c">Seth Borenstein.</subfield>
  </datafield>
  <datafield tag="260" ind1=" " ind2=" ">
    <subfield code="a">Makati City :</subfield>
    <subfield code="b">Philippine Business Daily Mirror Publishing, Inc.,</subfield>
    <subfield code="c">2025.</subfield>
  </datafield>
  <datafield tag="650" ind1=" " ind2=" ">
    <subfield code="a">Biodiversity.</subfield>
    <subfield code="9">23099</subfield>
  </datafield>
  <datafield tag="650" ind1=" " ind2=" ">
    <subfield code="a">Ecosystem biodiversity.</subfield>
    <subfield code="9">30186</subfield>
  </datafield>
  <datafield tag="650" ind1=" " ind2=" ">
    <subfield code="a">Greenland</subfield>
    <subfield code="x">Environmental aspects.</subfield>
    <subfield code="9">30387</subfield>
  </datafield>
  <datafield tag="650" ind1=" " ind2=" ">
    <subfield code="a">Climate change.</subfield>
    <subfield code="9">12083</subfield>
  </datafield>
  <datafield tag="650" ind1=" " ind2=" ">
    <subfield code="a">Climate and environment.</subfield>
    <subfield code="9">29212</subfield>
  </datafield>
  <datafield tag="650" ind1=" " ind2=" ">
    <subfield code="a">Global warming.</subfield>
    <subfield code="9">12080</subfield>
  </datafield>
  <datafield tag="650" ind1=" " ind2=" ">
    <subfield code="a">Newspaper articles (Open access).</subfield>
    <subfield code="9">26869</subfield>
  </datafield>
  <datafield tag="773" ind1=" " ind2=" ">
    <subfield code="g">, (13 January 2025).</subfield>
    <subfield code="t">BusinessMirror</subfield>
  </datafield>
  <datafield tag="856" ind1=" " ind2=" ">
    <subfield code="u">https://businessmirror.com.ph/2025/01/13/why-greenland-remote-but-resource-rich-island-occupies-a-key-position-in-a-warming-world/</subfield>
  </datafield>
  <datafield tag="942" ind1=" " ind2=" ">
    <subfield code="c">NOA</subfield>
    <subfield code="n">0</subfield>
    <subfield code="2">lcc</subfield>
  </datafield>
  <datafield tag="999" ind1=" " ind2=" ">
    <subfield code="c">9259</subfield>
    <subfield code="d">9259</subfield>
  </datafield>
  <datafield tag="952" ind1=" " ind2=" ">
    <subfield code="0">0</subfield>
    <subfield code="1">0</subfield>
    <subfield code="4">0</subfield>
    <subfield code="7">0</subfield>
    <subfield code="a">DL</subfield>
    <subfield code="b">DL</subfield>
    <subfield code="d">2025-04-29</subfield>
    <subfield code="l">0</subfield>
    <subfield code="r">2025-04-29</subfield>
    <subfield code="u">https://businessmirror.com.ph/2025/01/13/why-greenland-remote-but-resource-rich-island-occupies-a-key-position-in-a-warming-world/</subfield>
    <subfield code="w">2025-04-29</subfield>
    <subfield code="y">NOA</subfield>
  </datafield>
</record>
